Tierbezeichnungen - Statistiken

Allgemein
  • Dieses Quiz wurde 329 mal gespielt
  • Das Durchschnittsergebnis liegt bei 21 aus 43
Antwortstatistiken
Tiere Eigenschaft Bezeichnung % Korrekt
Hühner M Hahn
94%
J Küken
88%
W Stute
86%
J Kalb
85%
J Kalb
85%
W Kuh
85%
W Kuh
85%
W Henne
84%
Pferde M Hengst
83%
Rinder M Bulle/Stier
82%
J Fohlen
81%
Hausschweine M Eber
79%
W Sau
79%
J Ferkel
76%
Ziegen M Bock
72%
G Herde
68%
G Herde
68%
G Herde
68%
Gruppe Schwarm
65%
G Schwarm
65%
Bienen Männchen Drohn
58%
J Frischling
55%
Wale M Bulle
51%
J Kitz/Zicklein
48%
W Geiß/Zicke/Zibbe
43%
Marder M Rüde
43%
Wildschweine M Keiler
37%
W Bache
29%
Jungtier Larve
29%
J Larve
29%
G Rotte
27%
G Schule
27%
Weibchen Arbeiterin
22%
G Schar
15%
J Welpe
14%
W Fähe
8%
Fische M Milchner
6%
W Rogner
5%
W Katz(e)
4%
G Meute
4%
J Affe
3%
Murmeltiere M Bär
3%
G Kolonie
3%
Keine übereinstimmenden Quizze gefunden
Verteilung der Resultate
Anzahl Personen mit jedem Resultat
Perzentil nach korrekt beantworteten Fragen
Ihre Resultats-Entwicklung
Sie haben dieses Quiz noch nicht gespielt